[Event "Challenge"]
[Site "http://www.queenalice.com/game.php?id=1330988"]
[Date "2014.12.27"]
[Round "-"]
[White "SirShawn"]
[Black "fenix40rj"]
[Result "0-1"]
[WhiteElo "1221"]
[BlackElo "1394"]

1. e4 e5 2. c3 Nf6 3. d3 c6 4. Nf3 Bc5 5. Nxe5 Qe7 6. f4 d6 7. b4 Bb6 8. Nc4 Bc7
9. f5 d5 10. Ncd2 d4 11. Ba3 Bd6 0-1

[Event "Challenge"]
[Site "http://www.queenalice.com/game.php?id=1396147"]
[Date "2015.11.27"]
[Round "-"]
[White "gillou77"]
[Black "SirShawn"]
[Result "0-1"]
[WhiteElo "1351"]
[BlackElo "1220"]

1. e4 Nf6 2. Nc3 c5 3. e5 Ne4 4. Nxe4 Qa5 5. a4 e6 6. Bc4 g6 7. Nd6+ Bxd6 8.
exd6 O-O 9. Nf3 Nc6 10. Ng5 h5 11. c3 f6 12. Ne4 Ne5 13. d4 Nxc4 14. dxc5 b6 15.
c6 f5 16. Ng5 b5 17. cxd7 Bb7 18. O-O Qb6 19. a5 Nxa5 20. Nxe6 Qc6 21. Nxf8
Qxg2# 0-1

[Event "Challenge"]
[Site "http://www.queenalice.com/game.php?id=1648849"]
[Date "2021.4.5"]
[Round "-"]
[White "Antonella"]
[Black "SirShawn"]
[Result "1/2-1/2"]
[WhiteElo "1112"]
[BlackElo "1266"]

1. d4 e6 2. c4 Bb4+ 3. Nc3 Bxc3+ 4. bxc3 c6 5. a4 Nf6 6. e3 O-O 7. Nf3 d6 8. h3
Qa5 9. Ra3 Re8 10. g4 e5 11. Nd2 b5 12. axb5 Qb6 13. Bg2 a6 14. c5 Qxb5 15. g5
Nbd7 16. c4 Qb4 17. gxf6 d5 18. Rb3 Qa4 19. cxd5 exd4 20. Rd3 Qxd1+ 21. Kxd1 a5
22. exd4 Ba6 23. Re3 Nxf6 24. Rxe8+ Rxe8 25. Re1 Kf8 26. Rxe8+ Kxe8 27. dxc6 a4
28. d5 Bc8 29. d6 Nd7 30. cxd7+ Bxd7 31. c6 Bc8 32. d7+ Bxd7 33. Bb2 f6 34.
cxd7+ Kxd7 35. Ne4 Ke7 36. Nxf6 gxf6 37. Bxf6+ Kxf6 38. f4 a3 39. Bd5 Kg7 40.
Ke2 Kf6 41. Kf3 Kg7 42. f5 Kf6 43. Bg8 a2 44. Kg4 a1=Q 45. Bxh7 Qd1+ 46. Kf4 Qe1
47. Bg6 Qh1 48. Be8 Qxh3 49. Bg6 Qf1+ 50. Ke4 Qc4+ 51. Ke3 Qg4 52. Kd3 Qf3+ 53.
Kd4 Qb3 54. Ke4 Qb4+ 55. Kd5 Qc3 56. Ke4 Qc2+ 57. Kd4 Qe2 58. Kc5 Qc2+ 59. Kd4
1/2-1/2

[Event "Challenge #2"]
[Site "http://www.queenalice.com/game.php?id=1649772"]
[Date "2021.4.15"]
[Round "-"]
[White "SirShawn"]
[Black "Antonella"]
[Result "0-1"]
[WhiteElo "1266"]
[BlackElo "1081"]

1. e4 e6 2. Nf3 c5 3. c3 d5 4. Bb5+ Nd7 5. Ne5 dxe4 6. Bxd7+ Bxd7 7. Nxf7 Kxf7
8. O-O Bb5 9. c4 Bxc4 10. Re1 Bd3 11. Nc3 Nf6 12. b3 Bd6 13. a3 h5 14. Re3 Bxh2+
15. Kxh2 Ng4+ 16. Kg1 Qh4 17. Qe1 Qh2# 0-1

[Event "Sept 3, 2021"]
[Site "http://www.queenalice.com/game.php?id=1768650"]
[Date "2021.9.3"]
[Round "-"]
[White "SirShawn"]
[Black "Antonella"]
[Result "0-1"]
[WhiteElo "1260"]
[BlackElo "1243"]

1. h4 e5 2. e3 Nc6 3. Bc4 a6 4. Nf3 d6 5. O-O Nf6 6. Ng5 d5 7. Bb3 h6 8. d3 hxg5
9. Nc3 gxh4 10. f4 Bg4 11. Qe1 e4 12. f5 h3 13. d4 hxg2 14. Kf2 Bf3 15. Kg3 Bd6+
16. Kf2 Ng4+ 17. Kg1 Rh1# 0-1

[Event "Challenge"]
[Site "http://www.queenalice.com/game.php?id=1772140"]
[Date "2021.10.12"]
[Round "-"]
[White "Antonella"]
[Black "SirShawn"]
[Result "1-0"]
[WhiteElo "1312"]
[BlackElo "1243"]

1. e4 e5 2. Nf3 d6 3. Nc3 c6 4. d4 Qa5 5. dxe5 dxe5 6. a3 Nf6 7. Bc4 Be6 8. Bxe6
fxe6 9. Qe2 Nbd7 10. Bd2 O-O-O 11. Qc4 Nc5 12. Qe2 Bd6 13. g3 b5 14. b4 Nd3+ 15.
cxd3 Bxb4 16. Nb1 c5 17. O-O Qc7 18. axb4 c4 19. Be3 Rxd3 20. Rc1 Rhd8 21. Qxd3
Rxd3 22. Nc3 Rxe3 23. fxe3 Kb8 24. Rxa7 Qxa7 25. Kg2 Ng4 26. Re1 h5 27. Re2 Kc8
28. Ra2 Nxe3+ 29. Kg1 Kb8 30. Rxa7 Kxa7 31. Nxb5+ Kb6 32. Na3 c3 33. Ne1 c2 34.
Naxc2 Nxc2 35. Nxc2 g5 36. Kf1 h4 37. Kf2 1-0

[Event "Challenge"]
[Site "http://www.queenalice.com/game.php?id=1774828"]
[Date "2021.11.14"]
[Round "-"]
[White "SirShawn"]
[Black "Antonella"]
[Result "1-0"]
[WhiteElo "1230"]
[BlackElo "1330"]

1. e4 d5 2. d3 Nf6 3. Nc3 a6 4. Nxd5 Nxd5 5. exd5 Qxd5 6. Bf4 e5 7. c4 Qd4 8.
Be3 Qxb2 9. f3 Nc6 10. f4 Bd6 11. Qb3 Qxb3 12. axb3 exf4 13. Bf2 O-O 14. O-O-O
Nd4 15. Bxd4 f6 16. Nf3 b5 17. c5 Bg4 18. cxd6 Rac8 19. d7 Rfd8 20. dxc8=Q Rxc8
21. Re1 c6 22. h3 Bh5 23. Rg1 Bxf3 24. h4 Rd8 25. Bb6 Bd5 26. Bxd8 Bxb3 27. g3
g5 28. gxf4 h6 29. fxg5 hxg5 30. hxg5 fxg5 31. Rxg5+ Kf7 32. Bh3 a5 33. Bd7 Kf8
34. Rf1+ Bf7 35. Rgf5 a4 36. Rxf7+ Kg8 37. Be6 a3 38. Rg1+ Kh8 39. Bf6# 1-0

[Event "Challenge"]
[Site "http://www.queenalice.com/game.php?id=1780372"]
[Date "2022.1.14"]
[Round "-"]
[White "SirShawn"]
[Black "Antonella"]
[Result "0-1"]
[WhiteElo "1249"]
[BlackElo "1300"]

1. e3 e5 2. d4 a6 3. e4 b5 4. c3 exd4 5. cxd4 Nc6 6. d5 Bb4+ 7. Bd2 Bxd2+ 8.
Qxd2 Nf6 9. Qd3 O-O 10. a3 Re8 11. f3 Na5 12. b4 c6 13. a4 cxd5 14. Nc3 Bb7 15.
axb5 dxe4 16. Nxe4 Bxe4 17. O-O-O Qc7+ 18. Kd2 Qf4+ 19. Ke2 Bxd3+ 20. Kf2 Qe3+
21. Kg3 Re4 22. Bxd3 g6 23. h4 Rg4+ 24. Kh2 Nc4 25. Nh3 Ne5 26. Rhe1 Qxd3 27.
fxg4 Nexg4+ 28. Kg1 Qxb5 29. Rd4 a5 30. Rc1 Qe5 31. Rdc4 Qh2+ 32. Kf1 Ne3+ 33.
Kf2 Qxg2+ 34. Kxe3 Nd5+ 35. Kd4 Re8 36. Rc8 Qg4+ 37. Nf4 Rxc8 38. Rxc8+ Kg7 39.
Kxd5 Qf5+ 40. Kd6 Qxf4+ 41. Ke7 axb4 42. Rd8 Qe4+ 43. Kxd7 Qd4+ 0-1

[Event "Challenge"]
[Site "http://www.queenalice.com/game.php?id=1787783"]
[Date "2022.4.27"]
[Round "-"]
[White "SirShawn"]
[Black "Antonella"]
[Result "1-0"]
[WhiteElo "1235"]
[BlackElo "1336"]

1. e4 c6 2. Bd3 d5 3. exd5 cxd5 4. Bb5+ Nc6 5. Nf3 a6 6. Bxc6+ bxc6 7. O-O Nf6
8. d3 e6 9. Qe1 h6 10. Nd4 Bd7 11. a3 g5 12. h3 g4 13. hxg4 Nxg4 14. c3 Qc7 15.
f4 h5 16. f5 Bc5 17. Be3 Bxd4 18. cxd4 O-O-O 19. b4 e5 20. Nc3 Nxe3 21. Qxe3
Bxf5 22. Rxf5 exd4 23. Qxd4 Rdg8 24. Raf1 Qg3 25. R1f2 Rg7 26. Nxd5 a5 27. Nb6+
Kc7 28. bxa5 Kb7 29. R5f3 Qc7 30. Qxg7 Re8 31. Rxf7 Re1+ 32. Rf1 Rxf1+ 33. Kxf1
h4 34. Rxc7+ Ka6 35. Qb2 Kxa5 36. Ra7# 1-0

[Event "Challenge"]
[Site "http://www.queenalice.com/game.php?id=1793076"]
[Date "2022.7.24"]
[Round "-"]
[White "Antonella"]
[Black "SirShawn"]
[Result "0-1"]
[WhiteElo "1331"]
[BlackElo "1255"]

1. e4 e6 2. d4 Nf6 3. Nc3 d5 4. Bg5 Be7 5. Bxf6 Bxf6 6. exd5 O-O 7. Nf3 Re8 8.
Bb5 c6 9. dxc6 bxc6 10. Bc4 e5 11. dxe5 Ba6 12. Ne4 Qxd1+ 13. Rxd1 Bc8 14. Bxf7+
Kxf7 15. Nxf6 gxf6 16. Kd2 Be6 17. Rhe1 Rd8+ 18. Kc3 Nd7 19. b3 a5 20. h4 h5 21.
Rd6 a4 22. Nd4 Rdb8 23. f4 Nc5 24. exf6 Rxb3+ 25. cxb3 axb3 26. Rxc6 Na4+ 27.
Kd2 Rd8 28. axb3 Rxd4+ 29. Kc1 Kxf6 30. Ra6 Nc5 31. f5 Nxb3+ 32. Kb1 Nc5 33. Rc6
Rb4+ 34. Kc2 Rc4+ 35. Kb1 Kxf5 36. Rxc5+ Rxc5 37. g3 Rb5+ 38. Kc2 Rc5+ 39. Kd3
Bc4+ 40. Kd4 Rb5 41. Re7 Be6 42. Rh7 Rd5+ 43. Kc4 Rd7+ 44. Kc3 Rxh7 45. Kd4 Rg7
46. Kd3 Rxg3+ 47. Kd4 Rg4+ 48. Kc5 Rxh4 49. Kb6 Bc8 50. Kc5 Rg4 51. Kd5 h4 52.
Kd6 Rg7 53. Kd5 h3 54. Kd4 h2 55. Ke3 h1=Q 56. Kd2 Rc7 57. Ke2 Kg5 58. Kf2 Re7
59. Kg3 Qg1+ 60. Kf3 Re3# 0-1

[Event "Challenge"]
[Site "http://www.queenalice.com/game.php?id=1804075"]
[Date "2023.1.16"]
[Round "-"]
[White "Antonella"]
[Black "SirShawn"]
[Result "1-0"]
[WhiteElo "1349"]
[BlackElo "1274"]

1. Nc3 a6 2. e4 e6 3. d4 d5 4. a3 Qd6 5. g3 e5 6. dxe5 Qxe5 7. Bf4 Qe7 8. Qe2 f5
9. Nxd5 Qf7 10. Bxc7 Nf6 11. exf5+ Be7 12. c4 O-O 13. Nxe7+ Kh8 14. Bxb8 Qh5 15.
Be5 Qxe2+ 16. Bxe2 Bd7 17. O-O-O Rf7 18. Nd5 Ba4 19. Rd4 Bc6 20. Bxf6 gxf6 21.
Nh3 Kg8 22. Nhf4 b5 23. Rhd1 Re8 24. Bh5 Kg7 25. Ne6+ Kg8 26. Rg4+ Kh8 27. Bxf7
a5 28. Nxf6 bxc4 29. Nxe8 Bf3 30. Rg8# 1-0

[Event "Challenge"]
[Site "http://www.queenalice.com/game.php?id=1808451"]
[Date "2023.3.22"]
[Round "-"]
[White "SirShawn"]
[Black "Aquarebel"]
[Result "0-1"]
[WhiteElo "1261"]
[BlackElo "1476"]

1. e4 e5 2. Bc4 c5 3. d3 a5 4. c3 g6 5. Nf3 d6 6. Bg5 f6 7. Bb5+ Bd7 8. Bc4 fxg5
9. Nxg5 Qxg5 10. O-O Bh3 11. Bb5+ Nc6 12. Bc4 Qxg2# 0-1